00603nam a2200157Ia 4500008004100000041000800041082001800049100002400067245009500091260002700186365001600213700002400229906002800253999001900281952014500300230718s9999 xx 000 0 und d aeng a005.3684bPAR aParker D.J.9166511 aVisualizing Information With Microsoft Office Visio 2007bSmart Digrams for Business Users bTata Mc-graw Hill Pub. cRs.b475.00 aParker D.J.9166511 dB:126603-Aug-2007cCOMP c317439d317439 00104070aCCEPbCCEPd2007-09-12eTbsfCOMPg475.00i1266l0o005.3684pCCEP-BK-28646r2023-07-18 00:00:00v475.00w2007-08-03yBKz028646